<?xml version="1.0" encoding="UTF-8"?>
<marc:record xmlns:marc="http://www.loc.gov/MARC21/slim">
   <marc:leader>00000nam a2200000 a 4500</marc:leader>
   <marc:datafield ind1="1" ind2=" " tag="100">
      <marc:subfield code="a">Cavalcanti, Klester</marc:subfield>
      <marc:subfield code="4">aut</marc:subfield>
      <marc:subfield code="e">Verfasser/-in</marc:subfield>
   </marc:datafield>
   <marc:datafield ind1="1" ind2=" " tag="100">
      <marc:subfield code="a">Jakob, Wanda</marc:subfield>
      <marc:subfield code="4">trl</marc:subfield>
      <marc:subfield code="e">Übersetzer/-in</marc:subfield>
   </marc:datafield>
   <marc:datafield ind1="1" ind2=" " tag="100">
      <marc:subfield code="a">Kegler, Michael</marc:subfield>
      <marc:subfield code="4">trl</marc:subfield>
      <marc:subfield code="e">Übersetzer/-in</marc:subfield>
   </marc:datafield>
   <marc:datafield ind1="1" ind2=" " tag="100">
      <marc:subfield code="a">Cavalcanti, Klester</marc:subfield>
   </marc:datafield>
   <marc:datafield ind1=" " ind2=" " tag="653">
      <marc:subfield code="a">Softcover / Belletristik/Spannung</marc:subfield>
   </marc:datafield>
   <marc:datafield ind1=" " ind2=" " tag="653">
      <marc:subfield code="a">Brasilien; Politik; Diktatur; Auftragsmörder; Mörder; Reportage; Literaturpreis; Prêmio Jabuti; Menschenverachtung; Skrupellosigkeit; Mord</marc:subfield>
   </marc:datafield>
   <marc:datafield ind1=" " ind2=" " tag="653">
      <marc:subfield code="a">Spannung</marc:subfield>
   </marc:datafield>
   <marc:datafield ind1="0" ind2="0" tag="245">
      <marc:subfield code="a">Der Pistoleiro</marc:subfield>
   </marc:datafield>
   <marc:datafield ind1="0" ind2="0" tag="245">
      <marc:subfield code="b">die wahre Geschichte eines Auftragsmörders</marc:subfield>
   </marc:datafield>
   <marc:datafield ind1="0" ind2="0" tag="245">
      <marc:subfield code="c">Klester Cavalcanti. Aus dem brasilian. Portug. von Wanda Jakob und Michael Kegler</marc:subfield>
   </marc:datafield>
   <marc:datafield ind1=" " ind2="1" tag="264">
      <marc:subfield code="a">Berlin</marc:subfield>
      <marc:subfield code="b">Transit</marc:subfield>
      <marc:subfield code="c">2013</marc:subfield>
   </marc:datafield>
   <marc:datafield ind1="1" ind2=" " tag="520">
      <marc:subfield code="a">Angaben aus der Verlagsmeldung

Der Pistoleiro : Die wahre Geschichte eines Auftragsmörders O nome da morte / von Klester Cavalcanti

Von seinem Onkel überumpelt gerät Júlio Santana, der als Sohn einer armen Familie im Nordosten Brasiliens keine Chance auf einen anständig bezahlten Beruf hat, mit 17 Jahren auf die von ihm anfangs nur widerwillig eingeschlagene, Jahrzehnte dauernde Laufbahn eines Auftragsmörders. Klester Cavalcanti hat diese Biographie aufgeschrieben. In Júlio Santana, der ohne Hass, aber auch ohne Mitleid seinem Geschäft nachgeht und im Lauf seiner Karriere fast 500 Menschen umbringt, begegnen wir einem Familienvater, einem Hinterwäldler mit schlich­tem und doch nachdenklichem Gemüt, der seinen Beruf akribisch und ehrgeizig praktiziert. Seine Tätigkeit rückt ihn dabei immer wieder in die Nähe brasilianischer Politik; so ist er an der Verfolgung von Gewerkschaftern beteiligt und wird zum Mörder der ersten Guerilleros in den siebziger Jahren. Doch er tötet auftragsgemäß vor allem »gewöhnliche« Menschen; pedantisch hat er in einem Notizbuch mit Donald-Duck-Motiv alle Morde und deren z.T. mächtige Auftraggeber festgehalten – seine Lebensversicherung. Nach 35 Jahren schafft er endlich den Absprung. Seine Kinder halten ihn bis heute für einen Polizisten. Ein aufwühlendes Buch über die Entstehung von Men­schen­verachtung, Skrupellosigkeit und über die Normalität des Mordens – nicht nur in Brasilien.
</marc:subfield>
   </marc:datafield>
   <marc:datafield ind1=" " ind2=" " tag="020">
      <marc:subfield code="a">9783887472849</marc:subfield>
      <marc:subfield code="9">9783887472849</marc:subfield>
   </marc:datafield>
   <marc:datafield ind1=" " ind2=" " tag="041">
      <marc:subfield code="a">ger</marc:subfield>
   </marc:datafield>
   <marc:datafield ind1=" " ind2=" " tag="300">
      <marc:subfield code="a">168 S.</marc:subfield>
   </marc:datafield>
</marc:record>
